Statistics for Best current NBA players- 2019

Click here to take the quiz!

General Stats

  • This quiz has been taken 30 times
  • The average score is 44 of 50

Answer Stats

Team Answer % Correct
RaptorsKawhi Leonard
100%
LakersLeBron James
100%
CelticsKyrie Irving
100%
76ersJimmy Butler
100%
WarriorsKlay Thompson
100%
ThunderPaul George
100%
BucksGiannis Antetokounmpo
100%
WarriorsKevin Durant
100%
WarriorsStephen Curry
100%
ThunderRussell Westbrook
100%
RocketsJames Harden
100%
CavaliersKevin Love
100%
SpursLaMarcus Aldridge
96%
WarriorsDraymond Green
96%
WarriorsDeMarcus Cousins
96%
TimberwolvesKarl- Anthony Towns
96%
WizardsJohn Wall
96%
76ersJoel Embiid
96%
Trail BlazersDamian Lillard
96%
RocketsChris Paul
96%
PelicansAnthony Davis
96%
SpursDeMar Derozan
96%
PistonsBlake Griffin
96%
76ersBen Simmons
92%
RaptorsKyle Lowry
92%
SunsDevin Booker
92%
CelticsAl Horford
92%
JazzRudy Gobert
92%
HornetsKemba Walker
92%
PacersVictor Oladipo
88%
BullsZach LaVine
88%
RaptorsMarc Gasol
88%
RocketsClint Capela
88%
NuggetsNikola Jokic
88%
JazzDonovan Mitchell
88%
CelticsGordon Hayward
88%
ThunderSteven Adams
83%
ClippersLou Williams
83%
CelticsJayson Tatum
83%
WizardsBradley Beal
83%
BucksKhris Middleton
79%
Trail BlazersCJ Mccollum
75%
BucksEric Bledsoe
75%
PelicansJrue Holiday
71%
GrizzliesMike Conley
71%
RocketsEric Gordon
67%
MavericksKristaps Porzingis
63%
NuggetsPaul Millsap
58%
HornetsTony Parker
29%
LakersKyle Kuzma
17%

Score Distribution

Percentile by Number Answered

Percent of People with Each Score

Your Score History

You have not taken this quiz